1530 1267 1957 1143 1256 1742 1437 1766 1586 1799 1614 1997 1439 1429 1415 1525 1258 1154 1112 1719 1506 1670 1932 1749 1488 1728 1124 1168 1701 1088 1773 1061 1405 1246 1513 1886 1427 1963 1992 1877 1259 1582 1328 1948 1348 1145 1649 1152 1422 1570 1365 1954 1011 1150 1628 1483 1631 1270 1815 1989 1253 1284 1341 1955 1836 1698 1981 1993 1568 1995 1169 1082 1542 1760 1570 1519 1883 1725 1240 1988 1203 1277 1336 1175 1412 1099 1648 1382 1534 1546 1891 1927 1869 1999 1329 1184 1671 1717 1731 BCNSPRNW ULIB Ver.6.0+V

เปลี่ยนเป็นภาษาไทย

Change to English
 แสดงรายละเอียดบรรณานุกรม
  กลับหน้าหลัก

Brief Record : Get Marc (ISO 2709) : E-mail record : QR code < ปิดหน้าต่าง
LEADER : 00000nam 2200000uu 4500
001    13399111551
003     ULIB
008    110701s2549||||th 000 0 tha d
020    9749508556
060 04 WB205^bส576ต 2549
100 0  สันต์ หัตถีรัตน์
245 10 ตำราซักประวัติและตรวจร่างกาย /^cสันต์ หัตถีรัตน์
250    พิมพ์ครั้งที่ 2 (ปรับปรุง)
260    กรุงเทพฯ :^bหมอชาวบ้าน,^c2549
300    328, [1] หน้า ;^bภาพประกอบ ;^c27 ซม.
650  7 การซักประวัติผู้ป่วย
650  7 การตรวจร่างกาย
995    ทศพร
999 ^a ใช้งานได้ทุกระบบ
รายการนี้ยังไม่มีแท็ก
คุณยังไม่ได้ล็อกอิน คุณสามารถมีกิจกรรมร่วมกับเว็บไซต์ได้ แต่ต้องล็อกอินก่อน ::
  ล็อกอิน

รายการสื่อสารสนเทศ

ลำดับที่ ประเภท เลขเรียก/บาร์โค้ด สถานที่ สถานะ
- ไม่พบข้อมูล -

รายการใกล้เคียง
    ผู้แต่ง [สันต์ หัตถีรัตน์]

    หัวเรื่อง [การซักประวัติผู้ป่วย]
    หัวเรื่อง [การตรวจร่างกาย]

BibComment


ยังไม่เคยถูกคอมเมนท์

คอมเมนท์ทรัพยากรรายการนี้
  คอมเมนท์: ตำราซักประวัติและ..


 Copyright 2026. Bcnsprnw @Library